|
|
|
|
| LEADER |
01927cas a2200253 a 4500 |
| 001 |
AALejournalIMF017308 |
| 008 |
230101c9999 xx r poo 0 0eng d |
| 020 |
|
|
|c 5.00 USD
|
| 020 |
|
|
|z 9781475563122
|
| 022 |
|
|
|a 1018-5941
|
| 040 |
|
|
|a BD-DhAAL
|c BD-DhAAL
|
| 100 |
1 |
|
|a Chen, Sophia.
|
| 245 |
1 |
0 |
|a Does Balance Sheet Strength Drive the Investment Cycle? :
|b Evidence from Pre- and Post-Crisis Cyprus /
|c Sophia Chen, Yinqiu Lu.
|
| 264 |
|
1 |
|a Washington, D.C. :
|b International Monetary Fund,
|c 2016.
|
| 300 |
|
|
|a 1 online resource (26 pages)
|
| 490 |
1 |
|
|a IMF Working Papers
|
| 500 |
|
|
|a <strong>Off-Campus Access:</strong> No User ID or Password Required
|
| 500 |
|
|
|a <strong>On-Campus Access:</strong> No User ID or Password Required
|
| 506 |
|
|
|a Electronic access restricted to authorized BRAC University faculty, staff and students
|
| 520 |
3 |
|
|a Fixed investment was the most important contributing factor to the boom-bust cycle in Cyprus over the last decade. Investment boomed during a credit boom in mid-2000s, during which the corporate sector borrowed heavily. Investment collapsed after 2008 when the credit boom ended. Investment and corporate balance sheets further deteriorated during the Cypriot banking crisis over 2012-2014. Using firm-level investment and balance sheet data, we find that corporate indebtedness is negatively associated with investment both before and after the banking crisis, although the effect is weaker after the Cypriot banking crisis, possibly due to the reduced role of credit in driving post-crisis investment and growth. Our results suggest the need to repair corporate balance sheets to support sustainable invesetment.
|
| 538 |
|
|
|a Mode of access: Internet
|
| 700 |
1 |
|
|a Lu, Yinqiu.
|
| 830 |
|
0 |
|a IMF Working Papers; Working Paper ;
|v No. 2016/248
|
| 856 |
4 |
0 |
|z Full text available on IMF
|u http://elibrary.imf.org/view/journals/001/2016/248/001.2016.issue-248-en.xml
|z IMF e-Library
|